000 00650nam a22002297a 4500
003 UA-OsUOA
001 98711
007 ta
008 20130416b un ||||| |||| 00| 0 ukr d
100 _aСеверов П.
090 _a821.161.1
_bС28
942 _cBK
040 _aUA-OsUOA
_brus
_cUA-OsUOA
_dUA-OsUOA
245 _aВластелины камня и огня
_bдокументальные повести
300 _a382 с.
955 _a3
041 _arus
080 _a821.161.1
260 _aДонецк
_bДонбасс
_c1977
650 7 _a82 Література. Літературознавство
_2UDC
999 _c384577
_d384577